Wappen der deutschen Bundesländer - Statistiken

Allgemein
  • Dieses Quiz wurde 7.602 mal gespielt
  • Das Durchschnittsergebnis liegt bei 11 aus 16
Antwortstatistiken
Bildquiz Antwort % Korrekt
Berlin
98%
Bayern
92%
Sachsen
81%
Nordrhein-Westfalen
79%
Niedersachsen
74%
Bremen
73%
Hamburg
73%
Baden-Württemberg
67%
Hessen
65%
Sachsen-Anhalt
63%
Thüringen
62%
Rheinland-Pfalz
56%
Brandenburg
54%
Saarland
51%
Mecklenburg-Vorpommern
48%
Schleswig-Holstein
48%
Keine übereinstimmenden Quizze gefunden
Verteilung der Resultate
Anzahl Personen mit jedem Resultat
Perzentil nach korrekt beantworteten Fragen
Ihre Resultats-Entwicklung
Sie haben dieses Quiz noch nicht gespielt